[Event "Bielefeld- Brühl"]
[Site "?"]
[Date "2023.09.24"]
[Round "2.8"]
[White "Roemhild, Marcus"]
[Black "Schottmueller, Christoph"]
[Result "1-0"]
[WhiteElo "2050"]
[BlackElo "1745"]
[PlyCount "99"]
[EventDate "2023.??.??"]

1. d4 Nf6 2. Nc3 g6 3. e4 d6 4. Nf3 Bg7 5. Bg5 O-O 6. Qd2 c5 7. dxc5 dxc5 8. Qxd8 Rxd8 9. e5 Nfd7 10. O-O-O Nc6 11. e6 Nde5 12. Rxd8+ Nxd8 13. Nxe5 Bxe5 14. exf7+ Kxf7 15. Be3 b6 16. Ne4 Bb7 17. Bc4+ Kg7 18. f3 Nf7 19. Nf2 Nd6 20. Be6 Kf6 21. Bh3 h5 22. c3 Nc4 23. Bh6 Rh8 24. Bd2 Nxd2 25. Kxd2 Bf4+ 26. Kc2 Rd8 27. Nd3 e5 28. Nxf4 exf4 29. Re1 Bc8 30. Bxc8 Rxc8 31. Re2 Rd8 32. a4 h4 33. h3 Rd5 34. Kb3 Rg5 35. Kc4 a6 36. b3 Kf7 37. Re4 Rf5 38. b4 cxb4 39. cxb4 b5+ 40. axb5 axb5+ 41. Kd4 Kf6 42. Re8 Rg5 43. Rf8+ Ke6 44. Rxf4 Rd5+ 45. Ke3 g5 46. Re4+ Kf5 47. f4 g4 48. hxg4+ Kxg4 49. Re5 Rd1 50. Rg5# 1-0

[Event "NRW Liga 2 Münster 32 II-Bielefelder SK"]
[Site "?"]
[Date "2023.10.22"]
[Round "3.1"]
[White "Forchert, Martin"]
[Black "Weidemann, Jakob"]
[Result "1/2-1/2"]
[WhiteElo "2317"]
[BlackElo "2135"]
[PlyCount "101"]
[EventDate "2023.10.22"]

1. e4 c5 2. Nf3 e6 3. g3 Nc6 4. Bg2 g6 5. d4 cxd4 6. Nxd4 Qb6 7. Nb3 Bg7 8. Nc3 a6 9. Bf4 Ne5 10. Qe2 Ne7 11. O-O-O Qc7 12. Be3 d6 13. Nd2 b5 14. f4 N5c6 15. Nb3 Na5 16. e5 Nxb3+ 17. axb3 d5 18. b4 O-O 19. Bc5 Rd8 20. Qf2 Qb7 21. Ne2 Nc6 22. Nd4 Nxd4 23. Qxd4 Bf8 24. Bxf8 Rxf8 25. h4 a5 26. bxa5 Rxa5 27. b3 Qa7 28. Qxa7 Rxa7 29. Kb2 Bd7 30. Ra1 Rfa8 31. Rxa7 Rxa7 32. h5 Kg7 33. h6+ Kf8 34. g4 Ke7 35. g5 Kd8 36. Rc1 b4 37. Rd1 Kc7 38. Rd4 Rb7 39. Rd1 Kb6 40. Ra1 Ra7 41. Rxa7 Kxa7 42. c3 bxc3+ 43. Kxc3 Kb6 44. b4 Bb5 45. Bf3 Bd7 46. Be2 Bb5 47. Bd1 Bd7 48. Bc2 Bb5 49. Kd4 Bd7 50. Bd3 Bb5 51. Bc2 1/2-1/2

[Event "NRW Liga 2 Münster 32 II-Bielefelder SK"]
[Site "?"]
[Date "2023.10.22"]
[Round "3.2"]
[White "Quante, Lennart"]
[Black "Grün, Gerd-Peter"]
[Result "1-0"]
[WhiteElo "2098"]
[BlackElo "2269"]
[PlyCount "41"]
[EventDate "2023.10.22"]

1. d4 Nf6 2. Nf3 e6 3. g3 b5 4. Bg2 Bb7 5. a4 b4 6. c4 bxc3 7. Nxc3 c5 8. dxc5 Bxc5 9. O-O O-O 10. Bf4 Nc6 11. Ne5 Rc8 12. Nd3 Be7 13. e4 d6 14. Rc1 Na5 15. b4 Nc4 16. Qe2 e5 17. Bg5 h6 18. Bxf6 Bxf6 19. h4 a6 20. Rfd1 g6 21. Nc5 {ZÜ} 1-0

[Event "NRW Liga 2 Münster 32 II-Bielefelder SK"]
[Site "?"]
[Date "2023.10.22"]
[Round "3.3"]
[White "Gößling, Guido"]
[Black "Junk, Phillip"]
[Result "1/2-1/2"]
[WhiteElo "2186"]
[BlackElo "2120"]
[PlyCount "96"]
[EventDate "2023.10.22"]

1. e4 c6 2. d4 d5 3. Nc3 dxe4 4. Nxe4 Nf6 5. Nxf6+ exf6 6. c3 Bd6 7. Bd3 O-O 8. Qc2 Re8+ 9. Ne2 h5 10. Be3 Nd7 11. O-O-O Nf8 12. Kb1 g6 13. c4 Bg4 14. h3 Bxe2 15. Bxe2 Qc7 16. Bf3 Rac8 17. Rhe1 Ne6 18. g3 f5 19. d5 cxd5 20. Bxd5 b5 21. b3 bxc4 22. Bxc4 Bf8 23. Bc1 Bg7 24. Bb2 Re7 25. Bxg7 Kxg7 26. Qb2+ Kh7 27. Qe5 Qxe5 28. Rxe5 Rc5 29. Rde1 Rxe5 30. Rxe5 h4 31. Kb2 hxg3 32. fxg3 Kg7 33. Kc3 Kf6 34. Re1 Ng5 35. Rxe7 Kxe7 36. g4 Nxh3 37. gxf5 g5 38. Kd4 Nf4 39. Ke5 f6+ 40. Ke4 Kd6 41. b4 Nh5 42. Bd3 Nf4 43. Bf1 Nd5 44. a3 Ne7 45. Bc4 Nc6 46. Be6 Nd8 47. Bd5 Nc6 48. Bc4 Ne7 1/2-1/2

[Event "NRW Liga 2 Münster 32 II-Bielefelder SK"]
[Site "?"]
[Date "2023.10.22"]
[Round "3.4"]
[White "Schröder, Lennart"]
[Black "Winkler, Yonathan"]
[Result "1/2-1/2"]
[WhiteElo "2050"]
[BlackElo "1988"]
[PlyCount "58"]
[EventDate "2023.10.22"]

1. d4 d5 2. c4 c6 3. Nf3 Nf6 4. e3 Bf5 5. Nc3 e6 6. Nh4 Bg6 7. Be2 Bd6 8. Bd2 Nbd7 9. Nxg6 hxg6 10. h3 Qe7 11. Qb3 Rb8 12. Rc1 g5 13. g3 g6 14. Kf1 Kf8 15. Kg2 Kg7 16. Bf3 dxc4 17. Qxc4 e5 18. d5 Nb6 19. Qd3 cxd5 20. Bxd5 Rbd8 21. Bb3 Bb8 22. Qe2 e4 23. Nb5 Nfd5 24. Bc3+ Nxc3 25. Nxc3 f5 26. Rcd1 Qe5 27. Rxd8 Rxd8 28. Rd1 Rxd1 29. Qxd1 Qd6 1/2-1/2

[Event "NRW Liga 2 Münster 32 II-Bielefelder SK"]
[Site "?"]
[Date "2023.10.22"]
[Round "3.5"]
[White "Köhler, Justus"]
[Black "Virnyi, Julius"]
[Result "1/2-1/2"]
[WhiteElo "2039"]
[BlackElo "2111"]
[PlyCount "91"]
[EventDate "2023.10.22"]

1. e4 c5 2. Nf3 d6 3. d4 cxd4 4. Nxd4 Nf6 5. f3 Nc6 6. c4 g6 7. Nc3 Bg7 8. Be3 O-O 9. Nc2 Be6 10. Qd2 Rc8 11. Rc1 a6 12. Be2 Ne5 13. b3 b5 14. cxb5 Rxc3 15. Qxc3 Nxe4 16. Qb4 Nd3+ 17. Bxd3 Bc3+ 18. Ke2 Bxb4 19. Nxb4 Nc5 20. Nc6 Qd7 21. Bxc5 dxc5 22. Rxc5 axb5 23. Bxb5 Qd6 24. Rc2 Kg7 25. Rd2 Qc5 26. Nd4 Bc8 27. a4 e5 28. Nc2 e4 29. Nd4 exf3+ 30. Nxf3 Be6 31. Rb1 Rc8 32. Kf1 Bf5 33. Re1 Qc3 34. Bc4 Rc7 35. Kf2 Bg4 36. Re3 Qb4 37. Rd4 Bxf3 38. gxf3 Qc5 39. Rd5 Qa7 40. Ke2 Re7 41. Rxe7 Qxe7+ 42. Kf2 Qa7+ 43. Kg2 h5 44. a5 h4 45. a6 Qe3 46. Rd3 1/2-1/2

[Event "NRW Liga 2 Münster 32 II-Bielefelder SK"]
[Site "?"]
[Date "2023.10.22"]
[Round "3.6"]
[White "Bösel, Alexander"]
[Black "Beilfuß, Wilfried"]
[Result "1/2-1/2"]
[WhiteElo "2008"]
[BlackElo "2092"]
[PlyCount "32"]
[EventDate "2023.10.22"]

1. e4 c5 2. Nf3 Nc6 3. d4 cxd4 4. Nxd4 Qb6 5. Nb3 Nf6 6. Nc3 e6 7. Qe2 Bb4 8. Bd2 O-O 9. O-O-O d5 10. f3 dxe4 11. fxe4 Bxc3 12. Bxc3 e5 13. h3 Be6 14. g4 Rfd8 15. Bg2 a5 16. Rxd8+ Rxd8 1/2-1/2

[Event "NRW Liga 2 Münster 32 II-Bielefelder SK"]
[Site "?"]
[Date "2023.10.22"]
[Round "3.7"]
[White "Römhild, Marcus"]
[Black "Kamp, Aaron"]
[Result "0-1"]
[WhiteElo "2050"]
[BlackElo "2017"]
[PlyCount "72"]
[EventDate "2023.10.22"]

1. e4 c5 2. Nf3 d6 3. d4 cxd4 4. Nxd4 Nf6 5. Nc3 g6 6. Bc4 Bd7 7. O-O Bg7 8. Re1 Nc6 9. Nb3 O-O 10. Bf1 Be6 11. Nd5 a5 12. a4 Bxd5 13. exd5 Nb4 14. c4 Nd7 15. Rb1 Nb6 16. Nd2 Qd7 17. b3 Na2 18. Bb2 Nc3 19. Bxc3 Bxc3 20. Re3 Be5 21. Nf3 Bf6 22. h3 Qc8 23. Bd3 Nd7 24. Bc2 Qc5 25. Qe2 Ne5 26. Nxe5 Bxe5 27. h4 e6 28. Rd1 Bd4 29. Re4 e5 30. h5 f5 31. Rh4 g5 32. Rh3 g4 33. Rhd3 Rf6 34. g3 Kh8 35. Kg2 Rg8 36. Qd2 f4 {ZÜ} 0-1

[Event "NRW Liga 2 Münster 32 II-Bielefelder SK"]
[Site "?"]
[Date "2023.10.22"]
[Round "3.8"]
[White "Hartwig, Eric Jordan"]
[Black "Garnacho Velasco, Eduardo"]
[Result "1-0"]
[WhiteElo "1554"]
[BlackElo "1883"]
[PlyCount "123"]
[EventDate "2023.10.22"]

1. e4 d5 2. exd5 Qxd5 3. Nc3 Qa5 4. Bc4 Nf6 5. d4 c6 6. Nge2 Bf5 7. Ng3 Bg6 8. Bd3 e6 9. O-O Bd6 10. Nce2 O-O 11. c3 Nbd7 12. f4 Rad8 13. f5 exf5 14. Nxf5 Bb8 15. Ne7+ Kh8 16. Nxg6+ fxg6 17. Bf4 Ng4 18. Qd2 Nb6 19. h3 Nf6 20. Bxb8 Rxb8 21. a3 Rbe8 22. Rae1 Nbd5 23. Nf4 Nxf4 24. Rxf4 Rxe1+ 25. Qxe1 Qd8 26. Qh4 Qe8 27. Qf2 Qe7 28. Qe2 Qd6 29. Qe5 Qd7 30. Rf1 Re8 31. Qg3 Qe7 32. Rf2 Qe1+ 33. Kh2 Qe3 34. Re2 Qxg3+ 35. Kxg3 Rxe2 36. Bxe2 Kg8 37. Kf4 Kf7 38. Ke5 Ke7 39. Bg4 Ne8 40. c4 Nd6 41. Be6 b6 42. b3 a5 43. c5 bxc5 44. Bg8 h6 45. dxc5 Nb5 46. a4 Nc7 47. Bc4 Ne8 48. Bd3 Nf6 49. Bxg6 Nd5 50. Be4 Nb4 51. h4 Na6 52. Bxc6 Nxc5 53. Bd5 Na6 54. Kd4 Kd6 55. Kc4 Nc7 56. Bf3 g6 57. b4 axb4 58. Kxb4 Na6+ 59. Kb5 Nc5 60. a5 g5 61. hxg5 hxg5 62. a6 1-0

[Event "Letmathe- Welper"]
[Site "?"]
[Date "2023.10.29"]
[Round "3.1"]
[White "Sohlmann, Jan- Henning"]
[Black "Haub, Thorsten"]
[Result "1/2-1/2"]
[WhiteElo "2247"]
[BlackElo "2369"]
[PlyCount "54"]
[EventDate "2023.??.??"]

1. e4 g6 2. d4 Bg7 3. c4 d6 4. Nc3 Nd7 5. Be2 e5 6. Nf3 Ngf6 7. O-O O-O 8. Be3 a5 9. Qc2 exd4 10. Bxd4 Re8 11. Rfe1 c6 12. Rad1 Qc7 13. Bf1 Ne5 14. Nxe5 dxe5 15. Be3 b6 16. Na4 Rb8 17. f3 Be6 18. a3 Bf8 19. Rb1 Nd7 20. b4 axb4 21. axb4 Ra8 22. Red1 Ra6 23. c5 b5 24. Nb6 Nxb6 25. cxb6 Qb7 26. Bc5 Be7 27. Qc3 Qb8 1/2-1/2

[Event "Letmathe- Welper"]
[Site "?"]
[Date "2023.10.29"]
[Round "3.2"]
[White "Bosch, Jeroen"]
[Black "Schaller, Fabian"]
[Result "1-0"]
[WhiteElo "2411"]
[BlackElo "2072"]
[PlyCount "67"]
[EventDate "2023.??.??"]

1. e4 c5 2. Nf3 Nc6 3. d4 cxd4 4. Nxd4 Nf6 5. Nc3 e5 6. Ndb5 d6 7. Nd5 Nxd5 8. exd5 Nb8 9. a4 Be7 10. Be2 O-O 11. Bd2 a6 12. Na3 f5 13. a5 Nd7 14. Nc4 Nf6 15. Bb4 Re8 16. O-O f4 17. Nb6 Rb8 18. f3 g5 19. c4 Bf5 20. Bd3 Bg6 21. Re1 Nd7 22. Na4 Bf8 23. Kh1 Rc8 24. Rc1 e4 25. Bxe4 Bxe4 26. Rxe4 Rxe4 27. fxe4 Ne5 28. Nb6 Rc7 29. c5 Rf7 30. cxd6 g4 31. Bc3 Qh4 32. Bxe5 g3 33. Qg1 Qg5 34. d7 1-0

[Event "Letmathe- Welper"]
[Site "?"]
[Date "2023.10.29"]
[Round "3.2"]
[White "Fuellgrabe, Thomas"]
[Black "Schleining, Zoya"]
[Result "0-1"]
[WhiteElo "2176"]
[BlackElo "2339"]
[PlyCount "66"]
[EventDate "2023.??.??"]

1. e4 c5 2. c3 Nf6 3. e5 Nd5 4. Nf3 Nc6 5. Bc4 Nb6 6. Bb3 d5 7. exd6 c4 8. Bc2 Qxd6 9. O-O Bg4 10. Re1 O-O-O 11. Na3 e6 12. Qe2 Qc7 13. Nb5 Qd7 14. b3 Qd5 15. a4 Bxf3 16. gxf3 a6 17. bxc4 Qxc4 18. d3 Qh4 19. d4 axb5 20. axb5 Bd6 21. f4 Ne7 22. Be4 Ned5 23. c4 Nxf4 24. Bxf4 Bxf4 25. Qf3 Rd7 26. c5 Nd5 27. c6 Rdd8 28. Bxd5 Qxh2+ 29. Kf1 Rxd5 30. Ra8+ Bb8 31. cxb7+ Kxb7 32. Qxf7+ Bc7 33. Rxh8 Rf5 0-1

[Event "Letmathe- Welper"]
[Site "?"]
[Date "2023.10.29"]
[Round "3.4"]
[White "Soukup, Jiri"]
[Black "Kemna, Guido"]
[Result "1/2-1/2"]
[WhiteElo "2357"]
[BlackElo "2141"]
[PlyCount "99"]
[EventDate "2023.??.??"]

1. e4 c6 2. d4 d5 3. Nc3 dxe4 4. Nxe4 Nf6 5. Ng3 Bg4 6. Be2 Bxe2 7. N1xe2 e6 8. O-O Bd6 9. Bf4 O-O 10. Qd2 Qc7 11. Bxd6 Qxd6 12. Rfd1 Nbd7 13. c4 Rfd8 14. Rac1 h6 15. Nc3 Rac8 16. Nce4 Nxe4 17. Nxe4 Qe7 18. Qa5 a6 19. h3 Nf6 20. Nc3 Qc7 21. Qe5 Rd7 22. Qe3 Rcd8 23. Rd2 e5 24. Rcd1 exd4 25. Rxd4 Rxd4 26. Rxd4 Rxd4 27. Qxd4 Qe7 28. Kh2 Qc7+ 29. g3 Qe7 30. Kg2 Kh7 31. a3 g6 32. Kf3 Qe6 33. Kg2 Qe7 34. c5 Kg8 35. b4 Qe6 36. Nd1 Nd5 37. Nb2 h5 38. Nc4 f6 39. Nd6 b5 40. a4 Kg7 41. axb5 axb5 42. Qa1 Qe7 43. Qa3 Kh7 44. h4 Kg7 45. Qa8 Nxb4 46. Qc8 Kh7 47. g4 hxg4 48. h5 Nd5 49. hxg6+ Kxg6 50. Qxg4+ 1/2-1/2

[Event "Letmathe- Welper"]
[Site "?"]
[Date "2023.10.29"]
[Round "3.5"]
[White "Hoettler, Alexander"]
[Black "Mollema, Thomas"]
[Result "0-1"]
[WhiteElo "1883"]
[BlackElo "2249"]
[PlyCount "84"]
[EventDate "2023.??.??"]

1. e4 e5 2. Nf3 Nf6 3. Nxe5 d6 4. Nf3 Nxe4 5. Nc3 Nf6 6. d4 d5 7. Bd3 Be7 8. O-O Bg4 9. Be2 Nbd7 10. Ne5 Bxe2 11. Qxe2 O-O 12. Bf4 Re8 13. Qd3 c6 14. Ne2 Nf8 15. c3 Ne4 16. Ng3 f6 17. Nf3 Ng6 18. Be3 Bd6 19. Nd2 Bxg3 20. hxg3 Qd7 21. Nxe4 dxe4 22. Qc2 b6 23. c4 Rac8 24. a4 h5 25. Qe2 h4 26. a5 b5 27. cxb5 cxb5 28. Rac1 hxg3 29. fxg3 a6 30. g4 Ne7 31. g5 f5 32. Rxc8 Rxc8 33. g6 Rc6 34. d5 Rxg6 35. Qh5 Qxd5 36. Rd1 Qe5 37. Rd8+ Kf7 38. Qh8 Rd6 39. Qe8+ Ke6 40. Bg5 Qc5+ 41. Kh2 Rxd8 42. Qxd8 Qd6+ 0-1

[Event "Letmathe- Welper"]
[Site "?"]
[Date "2023.10.29"]
[Round "3.6"]
[White "Gruermann, Martin"]
[Black "Conrad, Joachim"]
[Result "1-0"]
[WhiteElo "2222"]
[BlackElo "1972"]
[PlyCount "85"]
[EventDate "2023.??.??"]

1. e4 d6 2. d4 Nf6 3. Nc3 e5 4. Nf3 Nbd7 5. Bc4 Be7 6. O-O Nb6 7. Be2 exd4 8. Nxd4 O-O 9. b3 c6 10. Bb2 d5 11. e5 Ne4 12. Bd3 c5 13. Nde2 Nxc3 14. Bxc3 Bg4 15. f3 Bh5 16. Nf4 Bg6 17. Bxg6 hxg6 18. Ba5 d4 19. Nh3 Qd7 20. Bxb6 axb6 21. Qd3 b5 22. Rae1 c4 23. bxc4 Ra3 24. Qe4 bxc4 25. Nf4 Qc6 26. e6 Qxe4 27. Rxe4 fxe6 28. Nxg6 Rf7 29. Nxe7+ Rxe7 30. Rxd4 Rc7 31. Ra1 Kf7 32. Rd6 Rc3 33. Rd2 Ra3 34. Kf2 Ke7 35. Re2 Rd7 36. Ke1 Kf6 37. Rd2 Rc7 38. Kd1 b5 39. Rd8 Rc5 40. Rb8 Rh5 41. h3 Rg5 42. g4 Rxf3 43. Rf8+ 1-0

[Event "Letmathe- Welper"]
[Site "?"]
[Date "2023.10.29"]
[Round "3.7"]
[White "Sondermann, Dirk"]
[Black "Pfleger, Sascha"]
[Result "0-1"]
[WhiteElo "1860"]
[BlackElo "2043"]
[PlyCount "110"]
[EventDate "2023.??.??"]

1. d4 Nf6 2. Nf3 c5 3. d5 e6 4. c4 exd5 5. cxd5 Bd6 6. Nc3 O-O 7. g3 a6 8. a4 Bc7 9. Bg2 d6 10. O-O Ba5 11. Nd2 Bxc3 12. bxc3 Qa5 13. Ra3 b5 14. axb5 Qxb5 15. c4 Qb6 16. Qc2 Re8 17. e4 Nbd7 18. Bb2 Rb8 19. Rb1 Qc7 20. f4 Rb4 21. Bc3 Qa7 22. Kh1 Ng4 23. Bf3 Ndf6 24. Re1 h5 25. Re2 Qd7 26. Bxb4 cxb4 27. Rb3 a5 28. c5 dxc5 29. Qxc5 Ba6 30. Re1 Nxd5 31. Qxa5 Nxf4 32. Qxb4 Nf2+ 33. Kg1 N2h3+ 34. Kh1 Nf2+ 35. Kg1 N4d3 36. Qa5 Nxe1 37. Kxf2 Nxf3 38. Nxf3 Bb7 39. Qxh5 Bxe4 40. Qb5 Bc6 41. Qc5 Qd1 42. Re3 Ra8 43. Re2 Bxf3 44. Kxf3 Re8 45. Qc2 Qf1+ 46. Rf2 Qh1+ 47. Kg4 Qd5 48. h4 g6 49. Kh3 Re1 50. Qc8+ Kh7 51. Qc2 Rh1+ 52. Rh2 Qe6+ 53. Kg2 Re1 54. Qa4 Re2+ 55. Kg1 Qe3+ 0-1

[Event "Brühl- Dinslaken"]
[Site "?"]
[Date "2023.10.29"]
[Round "3.1"]
[White "Sonnenschein, Philipp"]
[Black "Loifenfeld, Jakov"]
[Result "1-0"]
[WhiteElo "2201"]
[BlackElo "2362"]
[PlyCount "113"]
[EventDate "2023.??.??"]

1. e4 Nf6 2. e5 Nd5 3. d4 d6 4. c4 Nb6 5. f4 g6 6. Nc3 Bg7 7. Be3 Be6 8. d5 Bf5 9. c5 dxc5 10. Bxc5 O-O 11. Nf3 c6 12. d6 exd6 13. Bxd6 Re8 14. Be2 Nc8 15. Ba3 Qb6 16. Qd4 Nd7 17. O-O Bf8 18. Bxf8 Nxf8 19. Na4 Qxd4+ 20. Nxd4 Ne7 21. Nc5 Ne6 22. Nxf5 Nxf5 23. Ne4 Red8 24. g3 Rd4 25. Nf6+ Kg7 26. Rfd1 h5 27. Kf2 Rad8 28. Rxd4 Rxd4 29. Rd1 Rb4 30. b3 Rd4 31. Rxd4 Nfxd4 32. Ne8+ Kf8 33. Nd6 b5 34. Ke3 a6 35. Bd3 Ke7 36. b4 f5 37. h3 c5 38. bxc5 Nc6 39. g4 hxg4 40. hxg4 fxg4 41. Bxg6 Nxc5 42. Bh5 b4 43. Bxg4 a5 44. Nf5+ Kf8 45. Nd4 Ne7 46. Ne6+ Nxe6 47. Bxe6 a4 48. Ke4 Nc6 49. Bd5 a3 50. Kd3 Ne7 51. Bb3 Kg7 52. Kc4 Ng6 53. Kxb4 Nxf4 54. Kxa3 Nd3 55. e6 Kf6 56. Ka4 Nc5+ 57. Kb5 1-0

[Event "Brühl- Dinslaken"]
[Site "?"]
[Date "2023.10.29"]
[Round "3.2"]
[White "Keller, Thomas"]
[Black "Sielecki, Christof"]
[Result "1/2-1/2"]
[WhiteElo "2257"]
[BlackElo "2414"]
[PlyCount "21"]
[EventDate "2023.??.??"]

1. e4 c6 2. d4 d5 3. Nd2 dxe4 4. Nxe4 h6 5. Nf3 Bf5 6. Bd3 e6 7. O-O Nd7 8. Bf4 Bxe4 9. Bxe4 Ngf6 10. Bd3 Be7 11. Qe2 1/2-1/2

[Event "Brühl- Dinslaken"]
[Site "?"]
[Date "2023.10.29"]
[Round "3.3"]
[White "Welzel, Philipp"]
[Black "Gramb, Marius"]
[Result "1/2-1/2"]
[WhiteElo "2202"]
[BlackElo "2226"]
[PlyCount "22"]
[EventDate "2023.??.??"]

1. Nf3 d5 2. c4 d4 3. g3 Nc6 4. Bg2 e5 5. d3 Bb4+ 6. Nbd2 a5 7. O-O Nf6 8. Rb1 a4 9. a3 Be7 10. b4 axb3 11. Nxb3 O-O 1/2-1/2

[Event "Brühl- Dinslaken"]
[Site "?"]
[Date "2023.10.29"]
[Round "3.4"]
[White "Spilles, Matthias"]
[Black "Ossig, Rainer"]
[Result "0-1"]
[WhiteElo "2097"]
[BlackElo "2183"]
[PlyCount "96"]
[EventDate "2023.??.??"]

1. e4 c5 2. Nf3 e6 3. d4 cxd4 4. Nxd4 Nf6 5. Bd3 Nc6 6. Nxc6 bxc6 7. e5 Qa5+ 8. Nc3 Qxe5+ 9. Ne2 Bc5 10. O-O O-O 11. Rb1 Qh5 12. b4 Bb6 13. c4 d5 14. Qc2 e5 15. Ng3 Qh4 16. c5 Bc7 17. a4 e4 18. Be2 Bg4 19. Bb2 Bxe2 20. Qxe2 Ng4 21. h3 Ne5 22. Nf5 Qf4 23. Nd6 Bxd6 24. cxd6 Nc4 25. Rfd1 Rfd8 26. b5 Qxd6 27. bxc6 Qxc6 28. Bd4 f6 29. Rb5 a6 30. Rc5 Qe6 31. Rc7 Rac8 32. Rb7 Rd7 33. Rb3 Qf5 34. h4 Re8 35. h5 g5 36. hxg6 hxg6 37. Rf3 Qh5 38. Qe1 Rh7 39. Rh3 Qf5 40. Rf3 Qh5 41. Rh3 Qf5 42. Rf3 Qd7 43. Rxf6 Re6 44. Rf4 g5 45. Rf6 Rxf6 46. Bxf6 Qd6 47. g3 Qxf6 48. Rxd5 Ne5 0-1

[Event "Brühl- Dinslaken"]
[Site "?"]
[Date "2023.10.29"]
[Round "3.5"]
[White "Graeber, Ralf"]
[Black "Schaefer, Juergen"]
[Result "1/2-1/2"]
[WhiteElo "2172"]
[BlackElo "2129"]
[PlyCount "38"]
[EventDate "2023.??.??"]

1. d4 g6 2. h4 h5 3. e4 Bg7 4. Nc3 c6 5. Nf3 d5 6. Be3 Bg4 7. Be2 dxe4 8. Nxe4 Nd7 9. Qd2 Ngf6 10. Nc3 Nd5 11. Nxd5 cxd5 12. Ng5 Bxe2 13. Qxe2 Nf6 14. f3 Qd7 15. Nh3 a6 16. Nf4 Bh6 17. Nd3 Qe6 18. Ne5 Bxe3 19. Qxe3 Nd7 1/2-1/2

[Event "Brühl- Dinslaken"]
[Site "?"]
[Date "2023.10.29"]
[Round "3.6"]
[White "Engel, Johann"]
[Black "Brockhaus, Philip"]
[Result "0-1"]
[WhiteElo "2127"]
[BlackElo "1971"]
[PlyCount "62"]
[EventDate "2023.??.??"]

1. d4 d5 2. c4 e6 3. Nc3 Nf6 4. Bg5 dxc4 5. e3 c5 6. Bxc4 cxd4 7. exd4 Nc6 8. Nf3 Be7 9. O-O O-O 10. Qd2 a6 11. Rfd1 b5 12. Bb3 Na5 13. Bc2 Nc4 14. Qe2 Bb7 15. b3 Nb6 16. Ne5 Rc8 17. Rd3 Nfd5 18. Rh3 Bxg5 19. Bxh7+ Kh8 20. Nxd5 Nxd5 21. Bg6+ Bh6 22. Nxf7+ Rxf7 23. Bxf7 Qf6 24. Qxe6 Nf4 25. Rxh6+ Qxh6 26. Qxh6+ gxh6 27. g3 Nh3+ 28. Kf1 Rf8 29. Be6 Rxf2+ 30. Ke1 Rxh2 31. Bxh3 Rxh3 0-1

[Event "Brühl- Dinslaken"]
[Site "?"]
[Date "2023.10.29"]
[Round "3.7"]
[White "Kleff, Andre"]
[Black "Guelsen, Taylan"]
[Result "0-1"]
[WhiteElo "2101"]
[BlackElo "2128"]
[PlyCount "108"]
[EventDate "2023.??.??"]

1. c4 e6 2. g3 d5 3. Bg2 Nf6 4. Qc2 Nc6 5. b3 Nb4 6. Qd1 c5 7. d3 Be7 8. Nf3 O-O 9. O-O Re8 10. Bb2 d4 11. Na3 Bd6 12. Nc2 Nxc2 13. Qxc2 e5 14. e3 a5 15. exd4 exd4 16. a3 h6 17. b4 axb4 18. axb4 Rxa1 19. Rxa1 b6 20. bxc5 bxc5 21. Nd2 Bf5 22. f3 Re2 23. Bf1 Re3 24. Kf2 Qb8 25. Rb1 Ng4+ 26. Kg1 Nxh2 27. Bxd4 Qe8 28. Bxe3 Qxe3+ 29. Kg2 Qg5 30. Ne4 Bxe4 31. fxe4 Qxg3+ 32. Kh1 Ng4 33. Rb2 Qh4+ 34. Kg1 Bh2+ 35. Qxh2 Nxh2 36. Rxh2 Qg3+ 37. Rg2 Qe3+ 38. Kh2 h5 39. Rg3 Qf4 40. Kg2 g5 41. Rf3 Qd2+ 42. Rf2 Qe3 43. Rf3 Qd4 44. Rf5 f6 45. Be2 h4 46. e5 Qe3 47. Bf3 fxe5 48. Be4 Qg3+ 49. Kf1 h3 50. Rf6 g4 51. Ke2 Kg7 52. Rg6+ Kf7 53. Rc6 Qh2+ 54. Kf1 g3 0-1

[Event "Brühl- Dinslaken"]
[Site "?"]
[Date "2023.10.29"]
[Round "3.8"]
[White "Peters, Alex"]
[Black "Gorny, Michael"]
[Result "1/2-1/2"]
[WhiteElo "2167"]
[BlackElo "1981"]
[PlyCount "47"]
[EventDate "2023.??.??"]

1. b3 Nf6 2. e3 g6 3. Bb2 Bg7 4. d4 c5 5. Nf3 cxd4 6. exd4 d5 7. Bd3 Nc6 8. c3 O-O 9. O-O Bg4 10. Nbd2 e5 11. dxe5 Nxe5 12. Be2 Nxf3+ 13. Bxf3 Qd7 14. c4 dxc4 15. Bxg4 Qxg4 16. Qxg4 Nxg4 17. Bxg7 Kxg7 18. Nxc4 Rfd8 19. Rad1 Kf8 20. f3 Nf6 21. Rfe1 h5 22. Kf2 b6 23. Ne5 Rac8 24. Rxd8+ 1/2-1/2

[Event "Solingen 3- Köln"]
[Site "?"]
[Date "2023.10.29"]
[Round "3.1"]
[White "Paris, Michael"]
[Black "Zolfagharian, Kevin"]
[Result "0-1"]
[WhiteElo "2128"]
[BlackElo "2234"]
[PlyCount "94"]
[EventDate "2023.??.??"]

1. d4 Nf6 2. Nf3 e6 3. g3 b6 4. Bg2 Bb7 5. O-O Be7 6. c4 d5 7. Nc3 O-O 8. Ne5 Nbd7 9. Qa4 c6 10. Rd1 Nxe5 11. dxe5 Nd7 12. cxd5 exd5 13. e4 Nc5 14. Qc2 d4 15. Be3 Ne6 16. f4 dxe3 17. Rxd8 Rfxd8 18. f5 Rd2 19. Qxd2 exd2 20. fxe6 Bc5+ 21. Kh1 fxe6 22. Rd1 Rd8 23. Bh3 Kf7 24. Bf1 Bb4 25. Kg2 c5 26. Kf3 Rd4 27. Ke3 Bxc3 28. bxc3 Rxe4+ 29. Kxd2 Rxe5 30. c4 Rf5 31. Ke3 Ke7 32. Be2 Bc6 33. h4 Re5+ 34. Kf2 Rf5+ 35. Ke3 Rf8 36. a3 Rd8 37. Rxd8 Kxd8 38. Kf4 Ke7 39. Ke5 a6 40. g4 b5 41. cxb5 axb5 42. g5 b4 43. axb4 cxb4 44. Bd3 h6 45. gxh6 gxh6 46. Bc2 Bd5 47. Bd3 Ba2 0-1

[Event "Solingen 3- Köln"]
[Site "?"]
[Date "2023.10.29"]
[Round "3.2"]
[White "Wickenfeld, Stefan"]
[Black "Wiekert, Martin"]
[Result "1-0"]
[WhiteElo "2225"]
[BlackElo "2222"]
[PlyCount "91"]
[EventDate "2023.??.??"]

1. d4 d5 2. Nf3 Nf6 3. g3 c5 4. Bg2 cxd4 5. O-O Bd7 6. b3 Nc6 7. Nxd4 e5 8. Nxc6 Bxc6 9. Bb2 Bd6 10. c4 dxc4 11. Bxc6+ bxc6 12. Qc2 cxb3 13. Qxc6+ Ke7 14. axb3 Qd7 15. Qf3 Rhc8 16. Rd1 Qc6 17. Qe3 Bc5 18. Qxe5+ Kf8 19. e3 Kg8 20. Rc1 Qb6 21. Qf5 Rc7 22. Be5 Bd6 23. Rxc7 Bxc7 24. Bxf6 gxf6 25. Ra4 Rd8 26. Nc3 Be5 27. Rg4+ Kf8 28. Ne4 Rd1+ 29. Kg2 Qa6 30. Rh4 Qf1+ 31. Kf3 h5 32. Rxh5 Rc1 33. Kg4 Qd1+ 34. Kh3 Ke7 35. Rh6 Rc6 36. b4 Qf1+ 37. Kh4 Qg2 38. Kg4 Rc4 39. f3 Qe2 40. Rh7 Qxe3 41. Qg6 Qg5+ 42. Qxg5 fxg5 43. Kf5 Bd4 44. Rxf7+ Kd8 45. Ke6 Rxb4 46. Nd6 1-0

[Event "Solingen 3- Köln"]
[Site "?"]
[Date "2023.10.29"]
[Round "3.3"]
[White "Pawelzik, Malte"]
[Black "Bashylina, Luisa"]
[Result "1/2-1/2"]
[WhiteElo "2139"]
[BlackElo "2179"]
[PlyCount "60"]
[EventDate "2023.??.??"]

1. e4 c5 2. Nf3 d6 3. d4 cxd4 4. Nxd4 Nf6 5. Nc3 a6 6. Bg5 Nbd7 7. Qe2 Qc7 8. O-O-O e6 9. f4 b5 10. a3 Bb7 11. g4 Be7 12. Bh4 b4 13. axb4 a5 14. bxa5 Qxa5 15. Nb3 Qc7 16. g5 Nxe4 17. Nxe4 O-O 18. Bg3 Rfc8 19. Bg2 d5 20. Nc3 Ba6 21. Qd2 Bc4 22. Rhe1 Nc5 23. f5 Nxb3+ 24. cxb3 Ra1+ 25. Kc2 Bxb3+ 26. Kxb3 Qc4+ 27. Kc2 Qa4+ 28. Kd3 Qc4+ 29. Kc2 Qa4+ 30. Kd3 Qc4+ 1/2-1/2

[Event "Solingen 3- Köln"]
[Site "?"]
[Date "2023.10.29"]
[Round "3.4"]
[White "Michalczak, Thomas"]
[Black "Fox, Daniel"]
[Result "0-1"]
[WhiteElo "2169"]
[BlackElo "2180"]
[PlyCount "50"]
[EventDate "2023.??.??"]

1. e4 b6 2. d4 Bb7 3. Bd3 Nf6 4. Nd2 e6 5. Ngf3 d5 6. e5 Nfd7 7. c3 Ba6 8. Bxa6 Nxa6 9. O-O c5 10. Qe2 Nc7 11. Re1 Be7 12. Nf1 h6 13. Ng3 Qc8 14. Bf4 Qa6 15. Qd2 g5 16. Nxg5 hxg5 17. Bxg5 Bxg5 18. Qxg5 Qd3 19. dxc5 bxc5 20. Rad1 Qg6 21. Qd2 Qh6 22. f4 Qxh2+ 23. Kf2 Rg8 24. Re3 Qh4 25. Rf3 c4 0-1